00399nam a2200121Ia 4500008004100000245005800041245001800099260000900117650001100126856004800137999001900185952007300204171211s9999 xx 000 0 und d aGone Wild: Stories from a Lifetime of Wildlife Travel cMalcolm Smith c2016 xTRAVEL uhttp://down.ebook777.com/061/1849951772.pdf c347747d347747 001040aCLbCLd2017-12-11l0r2017-12-11 00:00:00w2017-12-11yCBE